000 00644nas a2200229 4500
001 BR8200387
003 BR-BrBNA
005 20231205084957.0
007 ta
008 230509b bl.|||p| |||| 00| 00por d
040 _aBR-BrBNA
_bpor
_cBiblioteca Nacional de Agricultura
041 _a(Pt)
072 _aH10
100 1 _aWarumby, J.F.
245 1 _aPragas da gravioleira [Annona muricata; Inseto]
650 _aPraga de planta
650 _aGraviola
650 _aInseto
773 0 _tCorreio Agricola (Brazil)
_xISSN 0100-3909
_g(1981), (no. 3) p. 360
_wBR8200387
909 _a202311
_bLúcia
_c55
_dLúcia Elande
942 _2AGRIS
_n0
_cANA
999 _c108486
_d108486